<?xml version="1.0" encoding="UTF-8"?>
<record
    xmlns:xsi="http://www.w3.org/2001/XMLSchema-instance"
    xsi:schemaLocation="http://www.loc.gov/MARC21/slim http://www.loc.gov/standards/marcxml/schema/MARC21slim.xsd"
    xmlns="http://www.loc.gov/MARC21/slim">

  <leader>00760nam a2200181Ia 4500</leader>
  <controlfield tag="008">120720s9999    xx            000 0 und d</controlfield>
  <datafield tag="020" ind1=" " ind2=" ">
    <subfield code="a">9700773213</subfield>
  </datafield>
  <datafield tag="050" ind1=" " ind2=" ">
    <subfield code="a">H61 M37 2007</subfield>
  </datafield>
  <datafield tag="100" ind1=" " ind2=" ">
    <subfield code="a">MARTIN SANCHEZ, MARIA TERESA</subfield>
  </datafield>
  <datafield tag="240" ind1=" " ind2=" ">
    <subfield code="a">INTRODUCCION A LAS CIENCIAS SOCIALES II</subfield>
  </datafield>
  <datafield tag="245" ind1=" " ind2=" ">
    <subfield code="a">INTRODUCCION A LAS CIENCIAS SOCIALES II / MARIA TERESA MARTIN SANCHEZ, RAQUEL GUTIERREZ ARAGON, ROBERTO HERVER GOMEZ, MANUEL HUMBERTO HERNANDEZ - LEON</subfield>
  </datafield>
  <datafield tag="250" ind1=" " ind2=" ">
    <subfield code="a">24</subfield>
  </datafield>
  <datafield tag="260" ind1=" " ind2=" ">
    <subfield code="a">M&#xE9;xico : PORRUA</subfield>
  </datafield>
  <datafield tag="300" ind1=" " ind2=" ">
    <subfield code="a">236 P. / 22 CM.</subfield>
  </datafield>
  <datafield tag="500" ind1=" " ind2=" ">
    <subfield code="a">INCLUYE TEMARIO E INDICE AL FINAL DE LA OBRA</subfield>
  </datafield>
  <datafield tag="650" ind1=" " ind2=" ">
    <subfield code="a">CIENCIAS SOCIALES \ ECONOMIA - POLITICA</subfield>
  </datafield>
  <datafield tag="700" ind1=" " ind2=" ">
    <subfield code="a">GUTIERREZ ARAGON, RAQUEL. COAUT. \ HERVER GOMEZ, ROBERTO. COAUT. \ HERNANDEZ - LEON, MANUEL HUMBERTO, COAUT.&#xCC;</subfield>
  </datafield>
  <datafield tag="952" ind1=" " ind2=" ">
    <subfield code="0">0</subfield>
    <subfield code="1">0</subfield>
    <subfield code="4">0</subfield>
    <subfield code="7">0</subfield>
    <subfield code="a">03</subfield>
    <subfield code="b">03</subfield>
    <subfield code="d">2011-08-26</subfield>
    <subfield code="l">2</subfield>
    <subfield code="o">H61 M37 2007</subfield>
    <subfield code="p">03 005111</subfield>
    <subfield code="r">2014-08-20</subfield>
    <subfield code="s">2014-08-20</subfield>
    <subfield code="t">1</subfield>
    <subfield code="w">2012-07-20</subfield>
    <subfield code="y">LB</subfield>
  </datafield>
  <datafield tag="952" ind1=" " ind2=" ">
    <subfield code="0">0</subfield>
    <subfield code="1">0</subfield>
    <subfield code="4">0</subfield>
    <subfield code="7">0</subfield>
    <subfield code="a">03</subfield>
    <subfield code="b">03</subfield>
    <subfield code="d">2011-08-26</subfield>
    <subfield code="l">3</subfield>
    <subfield code="o">H61 M37 2007</subfield>
    <subfield code="p">03 005149</subfield>
    <subfield code="r">2018-09-19</subfield>
    <subfield code="s">2018-09-07</subfield>
    <subfield code="t">2</subfield>
    <subfield code="w">2012-07-20</subfield>
    <subfield code="y">LB</subfield>
  </datafield>
  <datafield tag="999" ind1=" " ind2=" ">
    <subfield code="c">79838</subfield>
    <subfield code="d">79838</subfield>
  </datafield>
</record>
